[Event "Barcelona 150 aniversity 5"]
[Site "Barcelona"]
[Date "2019.05.24"]
[Round "5.2"]
[White "Iglesias Lopez, Albert"]
[Black "Babayan, Andranik"]
[Result "1-0"]
[WhiteElo "1676"]
[BlackElo "1746"]
[PlyCount "139"]
[EventDate "2019.04.26"]
[EventType "swiss"]
[EventRounds "9"]
[EventCountry "ESP"]
[SourceTitle "EXT 2024"]
[Source "ChessBase"]
[SourceDate "2023.10.10"]
[SourceVersion "1"]
[SourceVersionDate "2023.10.10"]
[SourceQuality "1"]

1. e4 c5 2. Nf3 Nc6 3. d4 cxd4 4. Nxd4 e5 5. Nb5 d6 6. N1c3 a6 7. Na3 b5 8. Nd5 Nf6 9. Bg5 Be7 10. f3 Bb7 11. Nxe7 Qxe7 12. c3 Qe6 13. Be2 Nh5 14. Qd2 h6 15. Be3 0-0 16. 0-0 Kh8 17. Nc2 Rad8 18. a4 bxa4 19. Rxa4 Qb3 20. Raa1 a5 21. Na3 Qe6 22. Bc4 Qe7 23. Bxh6 f6 24. Be3 g5 25. Bd5 Ra8 26. Nc4 a4 27. Nb6 Ra6 28. Rxa4 Rxa4 29. Nxa4 Nf4 30. Nb6 Nxd5 31. Nxd5 Qf7 32. b4 Ra8 33. Nb6 Rd8 34. Rd1 Qe6 35. Qd5 Qe7 36. Qa2 Nb8 37. b5 Nd7 38. Nd5 Qf7 39. Qa3 Nf8 40. c4 Ne6 41. Qb4 Qf8 42. h3 Nf4 43. Bxf4 gxf4 44. Ra1 Bc8 45. Qe1 Qg7 46. Qh4+ Kg8 47. Nxf6+ Kf8 48. Nh7+ Ke8 49. Qh5+ Ke7 50. Ra7+ Rd7 51. b6 Qg3 52. Qg5+ Qxg5 53. Nxg5 Bb7 54. Kf2 Kf6 55. h4 Kg6 56. g4 Kf6 57. Ke2 Ke7 58. Kd3 Kd8 59. Kc3 Ke7 60. Kb4 Kf6 61. Ka5 Ke7 62. Nh3 Kd8 63. Nf2 Kc8 64. Nd3 Kb8 65. Nc1 Kc8 66. Nb3 Kd8 67. Kb5 Kc8 68. Na5 Bxe4 69. fxe4 f3 70. Nb3 1-0

[Event "Barcelona Tres Peons-E 46th"]
[Site "Barcelona"]
[Date "2017.06.02"]
[Round "7.2"]
[White "Babayan, Andranik"]
[Black "Sanchez De Medina Vilagrasa, Enric"]
[Result "1-0"]
[WhiteElo "1706"]
[BlackElo "1646"]
[PlyCount "85"]
[EventDate "2017.04.21"]
[EventType "swiss"]
[EventRounds "9"]
[EventCountry "ESP"]
[SourceTitle "EXT 2024"]
[Source "ChessBase"]
[SourceDate "2023.10.10"]
[SourceVersion "1"]
[SourceVersionDate "2023.10.10"]
[SourceQuality "1"]

1. d4 c6 2. c4 d5 3. Nc3 Nf6 4. Nf3 Bf5 5. Bf4 h6 6. Qb3 Bc8 7. Rc1 dxc4 8. Qxc4 Be6 9. Qa4 b5 10. Qc2 Bd7 11. e4 Na6 12. Be2 Rc8 13. 0-0 g6 14. Ne5 Nb8 15. Nxd7 Qxd7 16. Nxb5 Bg7 17. Bxb8 0-0 18. Bxa7 cxb5 19. Bc5 Qb7 20. Bf3 Qc7 21. e5 Nd7 22. b4 Nxc5 23. bxc5 h5 24. c6 e6 25. Qc5 Rfd8 26. Rfd1 Rb8 27. Rb1 Bf8 28. Qc2 b4 29. Rd3 Ra8 30. Be4 Ra5 31. f4 Rda8 32. Rb2 Ra3 33. g3 R8a6 34. Rdb3 Ra7 35. Kg2 R7a5 36. Bxg6 fxg6 37. Qxg6+ Bg7 38. Qxe6+ Kh7 39. Rxb4 Rc3 40. d5 Rac5 41. Rb7 Rc2+ 42. Kh3 Qd8 43. Rxg7+ 1-0